[Event "Tatry op"]
[Site "Tatranske Zruby"]
[Date "2013.10.03"]
[Round "6"]
[White "Langner, Ladislav"]
[Black "Masak, Pavel"]
[Result "1-0"]
[WhiteElo "2353"]
[BlackElo "2039"]
[PlyCount "115"]
[EventDate "2013.09.29"]
[EventType "swiss"]
[EventRounds "9"]
[EventCountry "SVK"]
[SourceTitle "CBM 156 Extra"]
[Source "ChessBase"]
[SourceDate "2013.10.22"]
[SourceVersion "1"]
[SourceVersionDate "2013.10.22"]
[SourceQuality "1"]

1. e4 c6 2. d4 d5 3. e5 Bf5 4. Be3 e6 5. Nd2 Ne7 6. f4 Nd7 7. Ngf3 h5 8. Be2 Bg4 9. h3 Nf5 10. Bf2 Bxf3 11. Nxf3 Be7 12. Qd2 h4 13. 0-0-0 a5 14. Bd3 g6 15. Bxf5 gxf5 16. g4 hxg3 17. Bxg3 Nb6 18. Ne1 Nc4 19. Qe2 b5 20. Nd3 Qb6 21. Nc5 a4 22. h4 b4 23. Bf2 b3 24. a3 bxc2 25. Qxc2 Bxc5 26. dxc5 Qb5 27. h5 Rb8 28. Bd4 Qb3 29. Rd3 Qa2 30. Qb1 Qxb1+ 31. Kxb1 Rh6 32. Kc2 Ke7 33. Rg3 Rbh8 34. Rg5 Rb8 35. Rh3 Kf8 36. Rg2 Rb7 37. Rgh2 Rb8 38. Kc1 Rb5 39. Bc3 Rb8 40. Be1 Rb5 41. Rg2 Na5 42. Bh4 Rxh5 43. Be7+ Kxe7 44. Rxh5 Nb3+ 45. Kd1 Rb8 46. Rgh2 Rg8 47. Rh8 Rg1+ 48. Ke2 Nxc5 49. Rb8 Nd7 50. Ra8 Nb6 51. Ra7+ Kf8 52. Rb7 Nc4 53. Rh7 Rg2+ 54. Kf3 Rxb2 55. Rbxf7+ Ke8 56. Rfg7 Kf8 57. Ra7 Rb3+ 58. Kf2 1-0

[Event "CZE-chT2E 1213"]
[Site "Czech Republic"]
[Date "2012.12.02"]
[Round "4.4"]
[White "Masak, Pavel"]
[Black "Navratil, Josef2222"]
[Result "1-0"]
[WhiteElo "2083"]
[BlackElo "2070"]
[PlyCount "95"]
[EventDate "2012.10.14"]
[EventType "team-tourn"]
[EventRounds "11"]
[EventCountry "CZE"]
[SourceTitle "EXT 2016"]
[Source "ChessBase"]
[SourceDate "2015.10.08"]
[SourceVersion "1"]
[SourceVersionDate "2015.10.08"]
[SourceQuality "1"]
[WhiteTeam "Adamov"]
[BlackTeam "Veseli nad Moravou"]
[WhiteTeamCountry "CZE"]
[BlackTeamCountry "CZE"]

1. d4 Nf6 2. Nf3 d5 3. e3 g6 4. Bd3 Bg7 5. 0-0 0-0 6. Nbd2 b6 7. b3 Bb7 8. Ne5 c5 9. Bb2 Nbd7 10. f4 Ne4 11. Rc1 Rc8 12. c4 Nxe5 13. fxe5 Nxd2 14. Qxd2 e6 15. Rce1 Qc7 16. Qe2 dxc4 17. Bxc4 a6 18. a4 cxd4 19. exd4 b5 20. axb5 axb5 21. Bxb5 Bd5 22. Ba3 Rfd8 23. Rc1 Qa5 24. Be7 Rxc1 25. Rxc1 Bh6 26. Bxd8 Qxd8 27. Rf1 Bxb3 28. Qf3 Bd5 29. Qxf7+ Kh8 30. Be8 Bc4 31. Qf6+ Qxf6 32. Rxf6 Be3+ 33. Kh1 Bd5 34. Bd7 Bxd4 35. Bxe6 Bxe6 36. Rxe6 Kg7 37. Re7+ Kf8 38. Rxh7 Bxe5 39. Rb7 Bf6 40. g3 Be7 41. Kg2 Kf7 42. Kf3 Ke6 43. Ke4 Bc5 44. h3 Kf6 45. Rc7 Bd6 46. Rc6 Ke7 47. g4 Kd7 48. Kd5 1-0

[Event "Tatry op"]
[Site "Tatranske Zruby"]
[Date "2012.09.23"]
[Round "1"]
[White "Jedlicka, Ales"]
[Black "Masak, Pavel"]
[Result "1-0"]
[WhiteElo "2224"]
[BlackElo "2083"]
[PlyCount "59"]
[EventDate "2012.09.23"]
[EventType "swiss"]
[EventRounds "9"]
[EventCountry "SVK"]
[SourceTitle "CBM 150 Extra"]
[Source "ChessBase"]
[SourceDate "2012.10.19"]
[SourceVersion "1"]
[SourceVersionDate "2012.10.19"]
[SourceQuality "1"]

1. d4 Nf6 2. c4 e6 3. Nc3 d5 4. Bg5 Be7 5. e3 c6 6. Nf3 Nbd7 7. Qc2 0-0 8. Rd1 Re8 9. a3 Nh5 10. h4 f6 11. g4 fxg5 12. hxg5 Nf8 13. Bd3 Bd6 14. gxh5 dxc4 15. Bxc4 Kh8 16. h6 g6 17. Ne4 Bc7 18. Ne5 Bxe5 19. dxe5 Qa5+ 20. Kf1 Qxe5 21. f4 Qc7 22. Qc3+ e5 23. Nd6 Re7 24. Rh4 b5 25. Ba2 a5 26. Nxc8 Rxc8 27. Rh2 b4 28. axb4 axb4 29. Qc5 Nd7 30. Qxe7 1-0

[Event "CZE-chT2E 1112"]
[Site "Czech Republic"]
[Date "2012.04.22"]
[Round "11.4"]
[White "Masak, Pavel"]
[Black "Balsinek, Pavel"]
[Result "0-1"]
[WhiteElo "2081"]
[BlackElo "2084"]
[PlyCount "80"]
[EventDate "2011.10.09"]
[EventType "team-tourn"]
[EventRounds "11"]
[EventCountry "CZE"]
[SourceTitle "EXT 2013"]
[Source "ChessBase"]
[SourceDate "2012.11.22"]
[SourceVersion "1"]
[SourceVersionDate "2012.11.22"]
[SourceQuality "1"]
[WhiteTeam "Adamov"]
[BlackTeam "Prusanky Podluzan"]
[WhiteTeamCountry "CZE"]
[BlackTeamCountry "CZE"]

1. d4 d5 2. Bg5 Nd7 3. e3 Ngf6 4. Nf3 e6 5. Bd3 Be7 6. 0-0 0-0 7. c4 h6 8. Bh4 b6 9. cxd5 exd5 10. Nc3 Bb7 11. Rc1 c5 12. Re1 Re8 13. Bb1 Ne4 14. Bxe7 Rxe7 15. dxc5 Ndxc5 16. Nb5 g6 17. b4 Na6 18. a3 Nd6 19. Nxd6 Qxd6 20. Qd2 Rd8 21. Red1 Rc7 22. Ba2 Kh7 23. h3 Qe7 24. Rxc7 Nxc7 25. Nd4 Ne6 26. Rc1 Qd7 27. Bb3 Rc8 28. Rxc8 Bxc8 29. Qd3 Bb7 30. f4 Ng7 31. Kf2 Ne8 32. Qb5 Qd8 33. Nc6 Qf6 34. Ne5 Nd6 35. Qd7 d4 36. Nxf7 dxe3+ 37. Kg1 Nxf7 38. Qxb7 e2 39. Kf2 Qd4+ 40. Kxe2 Qb2+ 0-1

[Event "CZE-chT2E 1112"]
[Site "Czech Republic"]
[Date "2012.03.04"]
[Round "9.4"]
[White "Masak, Pavel"]
[Black "Hodovsky, Jiri"]
[Result "1-0"]
[WhiteElo "2081"]
[BlackElo "2103"]
[PlyCount "63"]
[EventDate "2011.10.09"]
[EventType "team-tourn"]
[EventRounds "11"]
[EventCountry "CZE"]
[SourceTitle "EXT 2013"]
[Source "ChessBase"]
[SourceDate "2012.11.22"]
[SourceVersion "1"]
[SourceVersionDate "2012.11.22"]
[SourceQuality "1"]
[WhiteTeam "Adamov"]
[BlackTeam "Zlin III"]
[WhiteTeamCountry "CZE"]
[BlackTeamCountry "CZE"]

1. c4 Nf6 2. Nc3 g6 3. g3 d5 4. cxd5 Nxd5 5. Bg2 Nb6 6. Nf3 Bg7 7. 0-0 0-0 8. d3 Nc6 9. a3 a5 10. Be3 Be6 11. Qc2 Nd5 12. Bd2 Rb8 13. Rac1 Qd7 14. Ne4 Rfd8 15. Rfd1 Bd4 16. Nc5 Bxc5 17. Qxc5 a4 18. Nd4 Nxd4 19. Qxd4 Nf6 20. Qf4 Bb3 21. Rxc7 Bxd1 22. Rxd7 Nxd7 23. Bf3 Nf6 24. Bb4 Rbc8 25. Qd2 Bb3 26. Bxe7 Nd5 27. Bxd8 Rxd8 28. Qa5 b6 29. Qb5 Kg7 30. h4 h5 31. Kg2 Kh6 32. e4 1-0

[Event "Tatry op"]
[Site "Tatranske Zruby"]
[Date "2011.10.01"]
[Round "8"]
[White "Masak, Pavel"]
[Black "Berezjuk, Sergej"]
[Result "1/2-1/2"]
[WhiteElo "2081"]
[BlackElo "2378"]
[PlyCount "55"]
[EventDate "2011.09.25"]
[EventType "swiss"]
[EventRounds "9"]
[EventCountry "SVK"]
[SourceTitle "CBM 144 Extra"]
[Source "ChessBase"]
[SourceDate "2011.10.28"]
[SourceVersion "1"]
[SourceVersionDate "2011.10.28"]
[SourceQuality "1"]

1. Nf3 f5 2. c4 Nf6 3. Nc3 e6 4. g3 c6 5. Bg2 d5 6. cxd5 exd5 7. d4 Bd6 8. 0-0 0-0 9. Bf4 Bxf4 10. gxf4 Ne4 11. e3 Nd7 12. Rc1 Rf6 13. b4 a6 14. a4 Rh6 15. Ne2 Nf8 16. Qe1 Ng6 17. h3 Nh4 18. Nxh4 Qxh4 19. f3 Qxe1 20. Rfxe1 Nd6 21. Nc3 Bd7 22. Bf1 Re6 23. Kf2 b5 24. a5 Rae8 25. Re2 Nc4 26. Rce1 Kf7 27. Bg2 R6e7 28. Na2 1/2-1/2

[Event "Nachod op 9th"]
[Site "Nachod"]
[Date "2011.07.07"]
[Round "6.8"]
[White "Kulhanek, Tomas"]
[Black "Masak, Pavel"]
[Result "1-0"]
[WhiteElo "2375"]
[BlackElo "2138"]
[PlyCount "73"]
[EventDate "2011.07.02"]
[EventType "swiss"]
[EventRounds "9"]
[EventCountry "CZE"]
[SourceTitle "EXT 2012"]
[Source "ChessBase"]
[SourceDate "2011.11.24"]
[SourceVersion "1"]
[SourceVersionDate "2011.11.24"]
[SourceQuality "1"]

1. e4 c5 2. Nf3 d6 3. c3 Nf6 4. Qc2 Nc6 5. d4 e6 6. dxc5 d5 7. exd5 Qxd5 8. Nbd2 Bxc5 9. Bd3 Ne5 10. Nxe5 Qxe5+ 11. Kf1 Bd7 12. Nf3 Qc7 13. Bg5 Bc6 14. Qe2 h6 15. Bxf6 gxf6 16. b4 Bb6 17. a4 Qf4 18. Bb5 0-0 19. Bxc6 bxc6 20. a5 Bc7 21. Nd4 c5 22. bxc5 Rab8 23. Nc6 Rb3 24. g3 Qg5 25. Qc4 Rb2 26. Kg2 f5 27. Rab1 Rxb1 28. Rxb1 f4 29. Rb7 Be5 30. h4 Qh5 31. Nxe5 Qxe5 32. Qxf4 Qxc5 33. Qg4+ Kh8 34. Qd4+ Qxd4 35. cxd4 Kg7 36. Kf3 Rd8 37. Ke4 1-0

[Event "Nachod op 9th"]
[Site "Nachod"]
[Date "2011.07.04"]
[Round "3.8"]
[White "Adamek, Jiri"]
[Black "Masak, Pavel"]
[Result "1-0"]
[WhiteElo "2289"]
[BlackElo "2138"]
[PlyCount "25"]
[EventDate "2011.07.02"]
[EventType "swiss"]
[EventRounds "9"]
[EventCountry "CZE"]
[SourceTitle "EXT 2012"]
[Source "ChessBase"]
[SourceDate "2011.11.24"]
[SourceVersion "1"]
[SourceVersionDate "2011.11.24"]
[SourceQuality "1"]

1. d4 Nf6 2. Nf3 e6 3. c4 Bb4+ 4. Bd2 Qe7 5. g3 b6 6. Bg2 Bb7 7. 0-0 Bxd2 8. Nbxd2 0-0 9. Qc2 c5 10. e4 d6 11. e5 Nfd7 12. exd6 Qxd6 13. Ng5 1-0

[Event "CZE-chT2E 1011"]
[Site "Czech Republic"]
[Date "2011.01.23"]
[Round "6.4"]
[White "Zatloukal, Petr"]
[Black "Masak, Pavel"]
[Result "0-1"]
[WhiteElo "2110"]
[BlackElo "2123"]
[PlyCount "182"]
[EventDate "2010.10.17"]
[EventType "team-tourn"]
[EventRounds "11"]
[EventCountry "CZE"]
[SourceTitle "EXT 2012"]
[Source "ChessBase"]
[SourceDate "2011.11.24"]
[SourceVersion "1"]
[SourceVersionDate "2011.11.24"]
[SourceQuality "1"]
[WhiteTeam "Prostejov"]
[BlackTeam "Adamov"]
[WhiteTeamCountry "CZE"]
[BlackTeamCountry "CZE"]

1. e4 c5 2. Nc3 d6 3. g3 Nc6 4. Bg2 g6 5. d3 Bg7 6. Be3 e5 7. Qd2 Be6 8. Nf3 f6 9. 0-0 Qd7 10. Nh4 Nge7 11. f4 Nd4 12. Nd1 0-0 13. fxe5 fxe5 14. Nf2 Rad8 15. c3 Ndc6 16. Nf3 d5 17. Bxc5 dxe4 18. Nxe4 Qxd3 19. Qxd3 Rxd3 20. Nfg5 Bf5 21. g4 Bxe4 22. Rxf8+ Bxf8 23. Bxe4 Rd2 24. Rf1 Bh6 25. Ne6 Bf4 26. Nxf4 exf4 27. Rxf4 Rxb2 28. Bd3 Ne5 29. Bf1 Nd5 30. Rf8+ Kg7 31. Rf2 Rxf2 32. Kxf2 Nxg4+ 33. Kg3 Ngf6 34. Bd4 b6 35. Bc4 Kf8 36. Kf3 Ke7 37. Bb3 Nc7 38. Be5 Nb5 39. Kf4 Nd6 40. h4 h6 41. Bc2 Nd5+ 42. Kf3 g5 43. hxg5 hxg5 44. Bb3 Nf6 45. a4 Nb7 46. Bd4 Nc5 47. Bc2 a5 48. c4 Ke6 49. Be3 g4+ 50. Kf4 Nfd7 51. Bd4 Kd6 52. Bc3 Ne6+ 53. Kxg4 Ne5+ 54. Kf5 Nxc4 55. Bb3 Ne3+ 56. Kg6 Nc5 57. Bd4 Kc6 58. Bf7 Nc2 59. Bf2 Nd3 60. Be8+ Kc7 61. Bg1 Nc5 62. Kf5 Kd6 63. Bh2+ Ke7 64. Bb5 Nd4+ 65. Ke5 Nf3+ 66. Kd5 Nxh2 67. Kc6 Nf3 68. Kxb6 Nb3 69. Bc4 Nfd4 70. Bxb3 Nxb3 71. Kb5 Kd6 72. Kc4 Nc5 73. Kb5 Nb7 74. Kc4 Ke5 75. Kd3 Kd5 76. Kc3 Nc5 77. Kb2 Nxa4+ 78. Ka3 Nb6 79. Kb3 Kc5 80. Ka3 Kb5 81. Kb3 Nc4 82. Ka2 Ka4 83. Kb1 Ka3 84. Ka1 a4 85. Kb1 Na5 86. Ka1 Kb3 87. Kb1 Nb7 88. Ka1 Nd6 89. Kb1 a3 90. Ka1 Nc4 91. Kb1 Ne3 0-1

[Event "CZE-chT2E 1011"]
[Site "Czech Republic"]
[Date "2010.05.12"]
[Round "4.4"]
[White "Partys, Petr"]
[Black "Masak, Pavel"]
[Result "0-1"]
[WhiteElo "2026"]
[BlackElo "2123"]
[PlyCount "50"]
[EventDate "2010.10.17"]
[EventType "team-tourn"]
[EventRounds "11"]
[EventCountry "CZE"]
[SourceTitle "EXT 2012"]
[Source "ChessBase"]
[SourceDate "2011.11.24"]
[SourceVersion "1"]
[SourceVersionDate "2011.11.24"]
[SourceQuality "1"]
[WhiteTeam "Borsice"]
[BlackTeam "Adamov"]
[WhiteTeamCountry "CZE"]
[BlackTeamCountry "CZE"]

1. e4 c5 2. Nf3 e6 3. b3 Nc6 4. Bb2 d6 5. Bb5 Bd7 6. 0-0 Nf6 7. Re1 Be7 8. d4 cxd4 9. Nxd4 0-0 10. c4 a6 11. Bxc6 Bxc6 12. Nxc6 bxc6 13. Nc3 Qa5 14. Qf3 Ne8 15. e5 d5 16. cxd5 cxd5 17. Na4 Nc7 18. Bd4 Nb5 19. Bb6 Qb4 20. Be3 Rac8 21. Qg3 Rfe8 22. Rac1 d4 23. Bh6 Bf8 24. Nb6 Rxc1 25. Rxc1 Nc3 0-1

[Event "Tatry op"]
[Site "Tatranske Zruby"]
[Date "2009.10.04"]
[Round "9"]
[White "Hodovsky, Jiri"]
[Black "Masak, Pavel"]
[Result "1/2-1/2"]
[WhiteElo "2081"]
[BlackElo "2135"]
[PlyCount "44"]
[EventDate "2009.09.27"]
[EventType "swiss"]
[EventRounds "9"]
[EventCountry "SVK"]
[SourceTitle "EXT 2011"]
[Source "ChessBase"]
[SourceDate "2010.11.26"]
[SourceVersion "1"]
[SourceVersionDate "2010.11.26"]
[SourceQuality "1"]

1. d4 Nf6 2. Nf3 e6 3. g3 b6 4. Bg2 Bb7 5. 0-0 Be7 6. c4 d5 7. Nc3 0-0 8. cxd5 Nxd5 9. Nxd5 Bxd5 10. Re1 c5 11. e4 Bb7 12. d5 exd5 13. exd5 Na6 14. Bf4 Bd6 15. Bxd6 Qxd6 16. Ng5 Rad8 17. Qh5 Qg6 18. Qxg6 hxg6 19. Re7 Bxd5 20. Rxa7 Nb4 21. Bxd5 Rxd5 22. Nf3 Re8 1/2-1/2